LEADER 01163nam a2200277 u 4500 001 000000011501 003 CaOOAMICUS 005 20070226105431.0 008 940516s1975 it u000 u ita u 035 $a10282341 040 $aPUL(R)$bita 041 1 $aita$heng 100 1 $aPopper, Karl Raimund,$cSir,$d1902-1994.$0(OLS)http://pul/name/10980 245 10$aConoscenza oggettiva :$bun punto di vista evoluzionistico /$cKarl R. Popper ; introduzione di Arcangelo Rossi. 260 $aRoma :$bA. Armando,$c1975. 300 $a495 p. ;$c22 cm 490 1 $aFilosofia e problemi d'oggi ;$v44 650 4$aConoscenza.$0(OLS)http://pul/subject/6941 700 1 $aRossi, Arcangelo.$0(OLS)http://pul/name/11076 830 0$aFilosofia e problemi d'oggi ;$v44.$0(OLS)http://pul/title/7949 850 $aPUL 852 $aPUL$W1$xSL Filosofia 1$y2$m88 L 26$j16272$nBK-PRI$b $qStampati$B16272$CPULBib$Z2$F16272 $H $81 941 1 $a8 961 $aINV: 73243 996 $6245$aConoscenza oggettiva :$bun punto di vista evoluzionistico$9(OLS)http://pul/title/16660 996 $6260$aRoma :$bA. Armando$9(OLS)http://pul/publisher/50895 LEADER 01203nam a2200289 u 4500 001 000000062548 003 CaOOAMICUS 005 20070226121139.0 008 011002s1962 gw u000 u ger u 035 $a10904992 040 $aPUL(R)$bita 100 1 $aSchütz, Paul.$0(OLS)http://pul/name/24272 245 10$aCharisma Hoffnung von der Zukunft der Welt /$cPaul Schütz. 260 $aHamburg :$bFurche,$cc1962. 300 $a123 p. ;$c18 cm 490 1 $aStundenbuch ;$v10 650 4$aCarismi e ministeri.$0(OLS)http://pul/subject/9808 650 4$aDottrina cattolica.$0(OLS)http://pul/subject/9767 830 0$aStundenbuch ;$v10.$0(OLS)http://pul/title/41247 850 $aPUL 852 $aPUL$W1$xSL Religione 1$y3$m67 A 50$j81306$nBK-PRI$b $qStampati$B81306$CPULBib$Z2$F81306 $H $81 852 $aPUL$W1$xSL Religione 1$y3$m67 A 39$j81307$nBK-PRI$b $qStampati$B81307$CPULBib$Z2$F81307 $H $81 941 1 $a8 961 $aINV: 63373 961 $aINV: 63086 996 $6245$aCharisma Hoffnung von der Zukunft der Welt$9(OLS)http://pul/title/83448 996 $6260$aHamburg :$bFurche$9(OLS)http://pul/publisher/61011